000 00423nam a2200169Ia 4500
008 231217s9999 xx 000 0 und d
020 _a81-7029-993-4
041 _aEnglish
082 _a001.6424C KAN5;15
100 _aKanetkar, Yashavant P.
245 0 _aGraphics under C
250 _a1st ed.
260 _c1998
_bBPB Publications
_aNew Delhi
300 _aviii, 460
650 _aGraphics,under,C
942 _cAA
999 _c194648
_d194648